| 000 | 00823nas a2200265 4500 | ||
|---|---|---|---|
| 001 | BR0103568 | ||
| 003 | BR-BrBNA | ||
| 005 | 20231205102401.0 | ||
| 007 | ta | ||
| 008 | 230509b bl.|||p| |||| 00| 00por d | ||
| 040 |
_aBR-BrBNA _bpor _cBiblioteca Nacional de Agricultura |
||
| 041 | _a(Pt) | ||
| 072 | _aH10 | ||
| 100 | 1 | _aCunha, A.A. da | |
| 100 | 1 | _aSilva, D.R. e | |
| 100 | 1 | _aRodrigues, M.C. | |
| 100 | 1 | _aGarcia, A.H. | |
| 245 | 1 | _aNiveis de resistencia de populacoes de milho de alta qualidade proteica ao Sitophilus zeamais | |
| 650 | _aMilho | ||
| 650 | _aVariedade Resistente | ||
| 650 | _aGorgulho dos Cereais | ||
| 773 | 0 |
_tPesquisa Agropecuaria Tropical (Brazil) _xISSN 1517-6398 _g(Jan-Jun 1999), v. 29(1) p. 43-47 _wBR0103568 |
|
| 909 |
_a202311 _bLúcia _c55 _dLúcia Elande |
||
| 942 |
_2AGRIS _n0 _cANA |
||
| 999 |
_c167301 _d167301 |
||